000 00609nam a2200253Ia 4500
001 16166
003 GE_BSU
008 181216s||||||||xx |||||||||||||| ||und||
020 _a9780857777485
040 _cGE_BSU
080 _a811.111+32
100 _aTaylor,John. Zetter, Jeff
245 _aBusiness:Book1.Book2.Book3
245 _bAudio CD
260 _aNewbury
260 _bExpress Publishing
260 _c2011
300 _a127p.ill.30cm.
541 _h24Gel.94T.
653 _aBusiness
653 _aბიზნესი
653 _aინგლისური ენა
942 _cBK
999 _c49252
_d49252